Normal view MARC view

Entry Personal Name

Number of records used in: 2

001 - CONTROL NUMBER

  • control field: 81790

003 - CONTROL NUMBER IDENTIFIER

  • control field: dpl

005 - DATE AND TIME OF LATEST TRANSACTION

  • control field: 20250609124713.0

008 - FIXED-LENGTH DATA ELEMENTS

  • fixed length control field: 250609|| aca||aabn | a|a d

040 ## - CATALOGING SOURCE

  • Original cataloging agency: dpl
  • Transcribing agency: dpl

100 ## - HEADING--PERSONAL NAME

  • Personal name: देवी, आशापूर्ण

670 ## - SOURCE DATA FOUND

  • Source citation: Work cat.: (dpl)211661: देवी, आशापूर्ण, प्रथम प्रतिश्रुति/, 2021

© Delhi Public Library
Hit Counter
free hit counter